Further exercises in modern mathematics
Guardat en:
| Autor principal: | |
|---|---|
| Format: | Llibre |
| Idioma: | anglès |
| Publicat: |
Oxford
Pergamon Press
1966
|
| Matèries: | |
| Etiquetes: |
Afegir etiqueta
Sense etiquetes, Sigues el primer a etiquetar aquest registre!
|
MARC
| LEADER | 00000nam a2200000 a 4500 | ||
|---|---|---|---|
| 001 | UCQ8287 | ||
| 003 | CL-VaPUC | ||
| 008 | 981209e19660000UK |||||||||||||||||eng|d | ||
| 082 | 0 | 4 | |a 510 |b MAR |2 21 |
| 100 | |a Marjoram, D. T. E. |e autor |9 422157 | ||
| 245 | 1 | 0 | |a Further exercises in modern mathematics |
| 300 | |a 267 p | ||
| 942 | |c BK | ||
| 945 | |d 19981209 00:00:00 |a crobeson | ||
| 260 | |a Oxford |b Pergamon Press |c 1966 | ||
| 650 | 0 | |a Matemática |9 260235 | |
| 650 | 7 | |a PROBLEMAS |2 CL-VaPUC |9 269806 | |
| 650 | 0 | |a Ejercicios |9 269807 | |
| 650 | 0 | |a Conjuntos |9 342214 | |
| 650 | 7 | |a GRUPOS |2 CL-VaPUC |9 336429 | |
| 650 | 0 | |a Anillos |9 374316 | |
| 650 | 7 | |a CAMPOS |2 CL-VaPUC |9 422158 | |
| 650 | 7 | |a RELACIONES |2 CL-VaPUC |9 268744 | |
| 650 | 0 | |a Funciones |9 263869 | |
| 650 | 0 | |a Matrices |9 22 | |
| 650 | 0 | |a Vectores |9 317184 | |
| 650 | 0 | |a Computadores |9 258188 | |
| 650 | 0 | |a Estadística |9 259535 | |
| 583 | |a last modification |c 19981209 00:00:00 |k Rodrigo Vera | ||
| 999 | |c 277572 |d 277570 | ||
| 952 | |0 0 |1 0 |4 0 |6 510_000000000000000_MAR_1966 |7 0 |8 A |9 315573 |a BIBMAT |b BIBMAT |d 2019-11-20 |i 1300563 |o 510 MAR 1966 |p 1300563 |r 2025-01-07 |w 2019-11-20 |y BK |k MAT | ||